000 00523nam a2200181Ia 4500
005 20250923144435.0
008 008 250917s9999 xx 000 0 eng d
037 _aTextual
040 _aDSWL
_beng
_cDSWL
041 _aeng
_2eng
084 _aYX,ZF, N16
_qDSWL
100 _aPERRY, C.A.
_9824918
245 0 _aCommunity Centre Activities
_cby C.A. PERRY
260 _aNew York
_b Russell Sage Foundation
_c1916
300 _a127 p.
942 _cTEXL
_hYX,ZF, N16
999 _c1438919
_d1438919